书目信息 |
| 题名: |
区域港口群物流网络系统协同优化机制研究
|
|
| 作者: | 屈莉莉 著 | |
| 分册: | ||
| 出版信息: | 北京 科学出版社 2020 |
|
| 页数: | 184页 | |
| 开本: | 24cm | |
| 丛书名: | ||
| 单 册: | ||
| 中图分类: | U695.2 | |
| 科图分类: | ||
| 主题词: | 港口--物流--系统优化--研究 | |
| 电子资源: | ||
| ISBN: | 978-7-03-064897-6 | |
| 000 | 01151nam0 2200253 450 | |
| 001 | 2171942295 | |
| 005 | 20211116195906.87 | |
| 010 | @a978-7-03-064897-6@dCNY99.00 | |
| 100 | @a20210104d2020 em y0chiy50 ea | |
| 101 | 0 | @achi |
| 102 | @aCN@b110000 | |
| 105 | @aa z 000yy | |
| 200 | 1 | @a区域港口群物流网络系统协同优化机制研究@9qu yu gang kou qun wu liu wang luo xi tong xie tong you hua ji zhi yan jiu@f屈莉莉著 |
| 210 | @a北京@c科学出版社@d2020 | |
| 215 | @a184页@c图@d24cm | |
| 300 | @a国家社会科学基金项目“区域港口群物流网络系统协同优化机制研究”研究成果 大连市人民政府资助出版 | |
| 312 | @a封面英文题名:Research on coordination optimization mechanism of regional port group logistics network system | |
| 330 | @a本书按照“区域港口群物流网络构成主体-网络结构设计-网络结构优化-协同管理机制”的研究脉络,对解决区域港口群物流网络系统的关键核心问题展开研究。 | |
| 510 | 1 | @aResearch on coordination optimization mechanism of regional port group logistics network system@zeng |
| 606 | 0 | @a港口@x物流@x系统优化@x研究 |
| 690 | @aU695.2@v5 | |
| 701 | 0 | @a屈莉莉@9qu li li@4著 |
| 801 | 0 | @aCN@b山东中教@c20211112 |
| 905 | @aZUCC@dU695.2@e7 | |
| 区域港口群物流网络系统协同优化机制研究/屈莉莉著.-北京:科学出版社,2020 |
| 184页:图;24cm |
| 国家社会科学基金项目“区域港口群物流网络系统协同优化机制研究”研究成果 大连市人民政府资助出版 |
| ISBN 978-7-03-064897-6:CNY99.00 |
| 本书按照“区域港口群物流网络构成主体-网络结构设计-网络结构优化-协同管理机制”的研究脉络,对解决区域港口群物流网络系统的关键核心问题展开研究。 |
| ● |
| 相关链接 |
|
|
|
正题名:区域港口群物流网络系统协同优化机制研究
索取号:U695.2/7
 
预约/预借
| 序号 | 登录号 | 条形码 | 馆藏地/架位号 | 状态 | 备注 |
| 1 | 2000889711 | 2000889711 | 第三书库/ [索取号:U695.2/7] | 在馆 | |
| 2 | 2000889712 | 2000889712 | 第三书库/ [索取号:U695.2/7] | 在馆 | |
| 3 | 2000889713 | 2000889713 | 第三书库/ [索取号:U695.2/7] | 在馆 |